[Event "II. CLANSKA LIGA ZAHOD 2019"]
[Site "Komenda"]
[Date "2019.11.17"]
[Round "4.4"]
[White "Bobnar, Samo"]
[Black "Leben, Dusan"]
[Result "0-1"]
[WhiteElo "1409"]
[BlackElo "1853"]
[PlyCount "118"]
[EventDate "2019.11.17"]
[WhiteTeam "SS TZ PREVODI DVOJKA"]
[BlackTeam "SK TRZIN"]

1. e4 e5 2. Nf3 Nf6 3. Nc3 Nc6 4. Bb5 d6 5. d4 exd4 6. Nxd4 Bd7 7. Nxc6 Bxc6 8.
Bxc6+ bxc6 9. O-O Be7 10. b3 O-O 11. Bb2 Nd7 12. a3 Bf6 13. Rb1 Re8 14. Re1 Nc5
15. Qg4 Qd7 16. Qxd7 Nxd7 17. Nd1 Re6 18. Bxf6 Nxf6 19. Nc3 Rae8 20. f3 d5 21.
Rbd1 Kf8 22. Rd4 c5 23. Ra4 a6 24. Kf2 d4 25. Ne2 Nd7 26. Nf4 Rc6 27. Rd1 Ra8
28. Ra5 Rb8 29. Nd3 Rb5 30. Rxb5 axb5 31. Nf4 Rd6 32. Rb1 g5 33. Nd3 c4 34.
bxc4 bxc4 35. Nb4 Rb6 36. Rd1 c5 37. Nd5 Rb2 38. Rd2 Ne5 39. Ke1 c3 40. Nxc3
dxc3 41. Rd5 f6 42. Rxc5 Rxc2 43. Rc8+ Kg7 44. Kd1 Rxg2 45. Rxc3 Rxh2 46. Ke1
Kg6 47. Kf1 h5 48. Kg1 Rd2 49. Kf1 Rd3 50. Rxd3 Nxd3 51. Ke2 Nc5 52. Kf2 Kf7
53. Kg3 Nd3 54. a4 Ke6 55. a5 Nc5 56. Kf2 h4 57. Kg1 Ke5 58. Kg2 Kf4 59. Kf2
Na6 0-1

[Event "II. CLANSKA LIGA ZAHOD 2019"]
[Site "Komenda"]
[Date "2019.11.17"]
[Round "4.5"]
[White "Grum, Andrej"]
[Black "Cebulj Sifrer, Ozbej"]
[Result "1-0"]
[WhiteElo "1747"]
[BlackElo "1396"]
[PlyCount "131"]
[EventDate "2019.11.17"]
[WhiteTeam "SK TRZIN"]
[BlackTeam "SS TZ PREVODI DVOJKA"]

1. e4 e6 2. d4 d5 3. Nd2 c5 4. dxc5 Bxc5 5. Nb3 Be7 6. exd5 Qxd5 7. Qxd5 exd5
8. Nf3 Nf6 9. Bg5 O-O 10. Be2 Nc6 11. O-O-O Be6 12. Rhe1 Ne4 13. Bxe7 Nxe7 14.
Rf1 Rad8 15. Nfd4 Nc6 16. f3 Nf6 17. Rfe1 Rfe8 18. Bb5 Nxd4 19. Rxd4 Re7 20.
Nc5 a6 21. Ba4 Rc8 22. b4 a5 23. a3 b6 24. Nd3 Rec7 25. bxa5 bxa5 26. Bb3 Bf5
27. g4 Bg6 28. g5 Nd7 29. Re2 Nb6 30. a4 Rc3 31. Kb2 Bh5 32. Re3 Nc4+ 33. Bxc4
R3xc4 34. Rxc4 dxc4 35. Nf4 c3+ 36. Kb3 Bg6 37. Nxg6 hxg6 38. Rxc3 Rb8+ 39. Ka3
Kf8 40. Rc4 Ke7 41. c3 Kd6 42. Rf4 Ke6 43. Rd4 Ke5 44. Rd7 Ke6 45. Ra7 Rc8 46.
Kb3 Rc5 47. h4 Rf5 48. Ra8 Kd6 49. Rg8 Rxf3 50. Rxg7 Rf4 51. Rh7 Kc5 52. Rh8
Rg4 53. Rc8+ Kb6 54. Rc4 Rg1 55. Rf4 Kc5 56. Rxf7 Rb1+ 57. Kc2 Rh1 58. Rf4 Rh2+
59. Kd3 Rh1 60. Re4 Kd6 61. Kc4 Rb1 62. Re8 Rh1 63. Rg8 Rxh4+ 64. Kb5 Kd5 65.
Rxg6 Rc4 66. Rd6+ 1-0

[Event "II. CLANSKA LIGA ZAHOD 2019"]
[Site "Komenda"]
[Date "2019.11.17"]
[Round "4.6"]
[White "Rogelj, Tomaz"]
[Black "Bajec, Borut"]
[Result "1-0"]
[WhiteElo "1765"]
[BlackElo "1742"]
[PlyCount "83"]
[EventDate "2019.11.17"]
[WhiteTeam "SS TZ PREVODI DVOJKA"]
[BlackTeam "SK TRZIN"]

1. e4 c5 2. Nf3 d6 3. d4 cxd4 4. Nxd4 Nc6 5. Be2 Nf6 6. Nc3 e6 7. O-O Be7 8.
Be3 O-O 9. Qd2 a6 10. Rad1 Nxd4 11. Bxd4 e5 12. Be3 Be6 13. h3 Rc8 14. Kh1 b5
15. a3 Bc4 16. Bg5 h6 17. Bxf6 Bxf6 18. Bxc4 Rxc4 19. Qxd6 Qc8 20. Qd7 Qb8 21.
Qg4 b4 22. Nd5 Bg5 23. Qe2 Rfc8 24. c3 bxc3 25. bxc3 Bd8 26. Rb1 Qd6 27. Rb4
R4c6 28. Qf3 Rb8 29. Rfb1 Rxb4 30. Rxb4 Qd7 31. Qg3 f6 32. Qg6 Qf7 33. Qxf7+
Kxf7 34. Rb7+ Kg6 35. Rd7 Rc8 36. Ne3 Bb6 37. Nf5 Kh7 38. Rxg7+ Kh8 39. Rg6
Rxc3 40. Rxh6+ Kg8 41. Rxf6 Bxf2 42. Ne7+ 1-0

[Event "II. CLANSKA LIGA ZAHOD 2019"]
[Site "Komenda"]
[Date "2019.11.17"]
[Round "4.1"]
[White "Olenik Campa, Rudi"]
[Black "Novak, Anze"]
[Result "1-0"]
[WhiteElo "1997"]
[BlackElo "1707"]
[PlyCount "69"]
[EventDate "2019.11.17"]
[WhiteTeam "SD DOMZALE TAJFUN 2"]
[BlackTeam "SK KOMENDA"]

1. e4 c5 2. Nf3 d6 3. d4 cxd4 4. Nxd4 Nf6 5. f3 a6 6. c4 e6 7. Nc3 Be7 8. Be3
b6 9. Be2 Bb7 10. O-O O-O 11. Qd2 Nbd7 12. Rfd1 Qc7 13. Rac1 Rac8 14. Bf1 Qb8
15. Qf2 Bd8 16. b4 Ne5 17. Na4 d5 18. exd5 exd5 19. c5 Nc4 20. Bxc4 dxc4 21.
Nxb6 Bxb6 22. cxb6 Nd5 23. Nc2 Nc3 24. Re1 Nxa2 25. Ra1 Nc3 26. Bd4 Nd5 27. Be5
Qa8 28. Nd4 f6 29. Bd6 Rf7 30. Nf5 Rc6 31. Bc5 Nf4 32. Qg3 Ng6 33. Qg4 Bc8 34.
Re8+ Rf8 35. Rxf8+ 1-0

[Event "II. CLANSKA LIGA ZAHOD 2019"]
[Site "Komenda"]
[Date "2019.11.17"]
[Round "4.2"]
[White "More, Erlend"]
[Black "Cokan, Mirko"]
[Result "0-1"]
[WhiteElo "1576"]
[BlackElo "1728"]
[PlyCount "72"]
[EventDate "2019.11.17"]
[WhiteTeam "SK KOMENDA"]
[BlackTeam "SD DOMZALE TAJFUN 2"]

1. d4 Nf6 2. c4 e5 3. dxe5 Ng4 4. Bf4 Nc6 5. Nf3 Bb4+ 6. Nc3 Qe7 7. Qd5 d6 8.
exd6 cxd6 9. e3 Be6 10. Qd2 Rd8 11. a3 Ba5 12. b4 Bb6 13. Bd3 Nge5 14. Qe2
Nxd3+ 15. Qxd3 Ne5 16. Bxe5 dxe5 17. Qe2 Bg4 18. h3 Bh5 19. Ne4 Bg6 20. Nfd2 f5
21. Nc3 Bf7 22. c5 Bc7 23. O-O O-O 24. Rad1 e4 25. Nc4 Kh8 26. Rd4 Bxc4 27.
Qxc4 Qe5 28. g3 Qe7 29. Rxd8 Qxd8 30. Rd1 Qg5 31. Kg2 h5 32. Rd5 Bxg3 33. Nxe4
Qg6 34. fxg3 fxe4 35. Qe2 Rf3 36. h4 Qxg3+ 0-1

[Event "II. CLANSKA LIGA ZAHOD 2019"]
[Site "Komenda"]
[Date "2019.11.17"]
[Round "4.3"]
[White "Borstar, Dusan"]
[Black "Perme, Martin"]
[Result "1/2-1/2"]
[WhiteElo "1746"]
[BlackElo "1489"]
[PlyCount "64"]
[EventDate "2019.11.17"]
[WhiteTeam "SD DOMZALE TAJFUN 2"]
[BlackTeam "SK KOMENDA"]

1. e4 c5 2. Nf3 d6 3. d4 cxd4 4. Nxd4 Nf6 5. Nc3 g6 6. h3 Bg7 7. Be3 Nc6 8. Qd2
O-O 9. O-O-O a6 10. g4 Nxd4 11. Bxd4 b5 12. a3 Rb8 13. g5 Nh5 14. Be2 b4 15.
Bxg7 Nxg7 16. Nb1 bxa3 17. Nxa3 Be6 18. Qd4 Qa5 19. Bc4 Rfc8 20. Bd5 Bxd5 21.
exd5 Nf5 22. Qd2 Qb6 23. c4 Nh4 24. Qd4 Qb7 25. f4 Nf5 26. Qc3 Ne3 27. Rd4 Nf5
28. Rd2 Qb6 29. Re1 Rb7 30. Kb1 Qc5 31. Rd3 Rcb8 32. Re2 Rb4 1/2-1/2

[Event "II. CLANSKA LIGA ZAHOD 2019"]
[Site "Komenda"]
[Date "2019.11.17"]
[Round "4.4"]
[White "Cimperman, Teo"]
[Black "Kosanovic, Aleksander"]
[Result "0-1"]
[WhiteElo "1364"]
[BlackElo "1287"]
[PlyCount "82"]
[EventDate "2019.11.17"]
[WhiteTeam "SK KOMENDA"]
[BlackTeam "SD DOMZALE TAJFUN 2"]

1. e4 c5 2. Nf3 Nc6 3. d4 cxd4 4. Nxd4 g6 5. Nc3 Bg7 6. Be3 Nf6 7. f3 a6 8. Qd2
d5 9. Nxc6 bxc6 10. O-O-O Bb7 11. Bg5 O-O 12. Bxf6 Bxf6 13. exd5 Bxc3 14. Qxc3
cxd5 15. h4 Rc8 16. Qb3 Rc7 17. h5 Qd6 18. hxg6 fxg6 19. Bd3 Bc8 20. Rh6 Qf4+
21. Kb1 Qxh6 22. Qxd5+ e6 23. Qe5 Qg7 24. Qh2 Rb7 25. b3 Rb4 26. Qd6 Rd4 27.
Qg3 Rff4 28. Re1 Rf7 29. Qb8 Qf8 30. Qb6 Qb4 31. Rxe6 Bxe6 32. Qxe6 Qd6 33.
Qe8+ Kg7 34. Bc4 Rxc4 35. bxc4 Qb4+ 36. Kc1 Qxc4 37. Qe5+ Rf6 38. g4 Qf4+ 39.
Kb1 Qxe5 40. g5 Rb6+ 41. Kc1 Qe1# 0-1

[Event "II. CLANSKA LIGA ZAHOD 2019"]
[Site "Komenda"]
[Date "2019.11.17"]
[Round "4.5"]
[White "Turek, Bor Lucijan"]
[Black "Babarovic, Fran"]
[Result "1-0"]
[WhiteElo "1786"]
[BlackElo "1210"]
[PlyCount "99"]
[EventDate "2019.11.17"]
[WhiteTeam "SD DOMZALE TAJFUN 2"]
[BlackTeam "SK KOMENDA"]

1. e4 e5 2. Nf3 Nc6 3. Bc4 Nf6 4. d3 Bc5 5. Bg5 d6 6. h3 O-O 7. Nc3 Be6 8. Bb3
Bb4 9. O-O a5 10. a3 Bxc3 11. bxc3 a4 12. Ba2 Bxa2 13. Rxa2 h6 14. Bh4 g5 15.
Bg3 Re8 16. Re1 d5 17. exd5 Nxd5 18. Rb2 Nxc3 19. Qd2 Nd5 20. Nxe5 Nxe5 21.
Rxe5 Rxe5 22. Bxe5 Qe7 23. Bg3 Qxa3 24. Rxb7 Qe7 25. c4 a3 26. Rb1 Qf6 27. Qe1
Nb4 28. Be5 Qe6 29. Rxb4 a2 30. Qa1 Qxe5 31. Qxe5 a1=Q+ 32. Qxa1 Rxa1+ 33. Kh2
Ra3 34. Rb8+ Kg7 35. Rd8 Ra2 36. Kg3 f5 37. Kf3 h5 38. Rd7+ Kf6 39. Rxc7 g4+
40. hxg4 hxg4+ 41. Ke3 Kg5 42. g3 Ra1 43. Rc8 Re1+ 44. Kd2 Rf1 45. Ke2 Rg1 46.
Rb8 Rg2 47. c5 f4 48. Rg8+ Kf5 49. Rf8+ Ke5 50. Rxf4 1-0

[Event "II. CLANSKA LIGA ZAHOD 2019"]
[Site "Komenda"]
[Date "2019.11.17"]
[Round "4.6"]
[White "Macek, Inti"]
[Black "Kosanovic, Dusan"]
[Result "0-1"]
[WhiteElo "1194"]
[BlackElo "1496"]
[PlyCount "104"]
[EventDate "2019.11.17"]
[WhiteTeam "SK KOMENDA"]
[BlackTeam "SD DOMZALE TAJFUN 2"]

1. d4 e6 2. c4 d5 3. Nc3 Nf6 4. Nf3 c5 5. Bg5 dxc4 6. dxc5 Qxd1+ 7. Rxd1 a6 8.
Ne4 Nbd7 9. Nxf6+ Nxf6 10. e4 Bxc5 11. e5 Bb4+ 12. Ke2 Nd7 13. a3 Be7 14. Bxe7
Kxe7 15. Kd2 b5 16. g3 Bb7 17. Bg2 Nxe5 18. Nxe5 Bxg2 19. Rhg1 Rhd8+ 20. Kc1
Rxd1+ 21. Rxd1 Bd5 22. Rd4 Rd8 23. Rg4 Rg8 24. Rh4 f6 25. Ng4 h6 26. Ne3 Rd8
27. Rg4 g5 28. Nxd5+ exd5 29. h4 Ke6 30. hxg5 hxg5 31. Kd2 d4 32. Re4+ Kd5 33.
Re7 Rd6 34. f3 Re6 35. Rd7+ Ke5 36. f4+ gxf4 37. gxf4+ Kxf4 38. Rxd4+ Kf3 39.
Kc3 f5 40. Rd5 f4 41. Rf5 Ke3 42. Rf8 f3 43. Rf7 f2 44. Rf8 Ke2 45. Kc2 f1=Q
46. Rxf1 Kxf1 47. Kd2 a5 48. Kc3 Rd6 49. Kc2 b4 50. a4 Ke2 51. Kb1 b3 52. Kc1
Rd1# 0-1

[Event "II. CLANSKA LIGA ZAHOD 2019"]
[Site "Komenda"]
[Date "2019.11.17"]
[Round "4.1"]
[White "Sajn, Simon"]
[Black "Okorn, Nejc"]
[Result "1-0"]
[WhiteElo "2090"]
[BlackElo "1835"]
[PlyCount "35"]
[EventDate "2019.11.17"]
[WhiteTeam "SK RIMEX ILIRSKA BISTRICA"]
[BlackTeam "SD VRHNIKA"]

1. d4 d5 2. Bf4 Bf5 3. c4 e6 4. Nc3 Nf6 5. e3 c6 6. Qb3 Qb6 7. c5 Qxb3 8. axb3
Nbd7 9. b4 b5 10. Ra6 Be7 11. Rxc6 a6 12. Nf3 Nh5 13. Bd6 Bd8 14. Be2 Nf8 15.
O-O Ng6 16. Ra1 Kd7 17. Rcxa6 Rxa6 18. Rxa6 1-0

[Event "II. CLANSKA LIGA ZAHOD 2019"]
[Site "Komenda"]
[Date "2019.11.17"]
[Round "4.2"]
[White "Siraj, Svit"]
[Black "Ursic, Aleksander"]
[Result "0-1"]
[WhiteElo "1724"]
[BlackElo "1900"]
[PlyCount "38"]
[EventDate "2019.11.17"]
[WhiteTeam "SD VRHNIKA"]
[BlackTeam "SK RIMEX ILIRSKA BISTRICA"]

1. d4 Nf6 2. Nf3 e6 3. Bf4 b6 4. e3 Bb7 5. Nbd2 Nh5 6. Be5 d6 7. Bg3 Be7 8. Bd3
Nd7 9. Qe2 f5 10. Nh4 g6 11. e4 Bxh4 12. exf5 Nf8 13. fxg6 hxg6 14. Qg4 Bf6 15.
Bxg6+ Nxg6 16. Qxg6+ Kd7 17. O-O Bxd4 18. c3 Nxg3 19. Qxg3 Rg8 0-1

[Event "II. CLANSKA LIGA ZAHOD 2019"]
[Site "Komenda"]
[Date "2019.11.17"]
[Round "4.3"]
[White "Rolih, Miran"]
[Black "Novak, Robert"]
[Result "1-0"]
[WhiteElo "1880"]
[BlackElo "1698"]
[PlyCount "95"]
[EventDate "2019.11.17"]
[WhiteTeam "SK RIMEX ILIRSKA BISTRICA"]
[BlackTeam "SD VRHNIKA"]

1. e4 e5 2. Nf3 Nc6 3. Bc4 Bc5 4. O-O Nf6 5. d4 exd4 6. e5 d5 7. exf6 dxc4 8.
Re1+ Be6 9. Ng5 Qxf6 10. Nxe6 fxe6 11. Qh5+ g6 12. Qxc5 Rf8 13. f3 e5 14. Nd2
O-O-O 15. Qxc4 g5 16. Ne4 Qf5 17. Nxg5 Rd7 18. Qd3 Qf6 19. Nxh7 Qh4 20. Nxf8
Qxe1+ 21. Qf1 Qxf1+ 22. Kxf1 Rf7 23. Ne6 Rf5 24. Bd2 e4 25. f4 e3 26. Be1 Kd7
27. g4 Rb5 28. f5 Rxb2 29. Rd1 Rxc2 30. Nxd4 Rxa2 31. Nxc6+ Kxc6 32. Rc1+ Kd7
33. Bg3 c6 34. g5 Ra5 35. Rd1+ Ke8 36. Ke2 Rxf5 37. h4 c5 38. Kxe3 Ke7 39. Ke4
Rf7 40. Bd6+ Ke8 41. Bxc5 b6 42. Bd4 Rh7 43. Rh1 b5 44. h5 Re7+ 45. Kf5 Rf7+
46. Bf6 Kf8 47. Rc1 Rb7 48. Rc8+ 1-0

[Event "II. CLANSKA LIGA ZAHOD 2019"]
[Site "Komenda"]
[Date "2019.11.17"]
[Round "4.4"]
[White "Vodnik, Val"]
[Black "Delost, Josko"]
[Result "1/2-1/2"]
[WhiteElo "1158"]
[BlackElo "1673"]
[PlyCount "65"]
[EventDate "2019.11.17"]
[WhiteTeam "SD VRHNIKA"]
[BlackTeam "SK RIMEX ILIRSKA BISTRICA"]

1. d4 d5 2. c4 c6 3. Nf3 Nf6 4. Nc3 e6 5. Bg5 Nbd7 6. e3 Bd6 7. Bd3 dxc4 8.
Bxc4 b5 9. Bd3 a6 10. O-O O-O 11. Ne4 Be7 12. Nxf6+ Nxf6 13. Qc2 Bb7 14. Bxf6
Bxf6 15. Bxh7+ Kh8 16. Be4 Qb6 17. Ne5 Bxe5 18. dxe5 Rac8 19. Rfd1 c5 20. Bxb7
Qxb7 21. Rd6 g6 22. Rad1 Kg7 23. Qe2 a5 24. Rd7 Qb8 25. f4 c4 26. Rc1 Rc7 27.
Rxc7 Qxc7 28. b3 Rc8 29. bxc4 bxc4 30. Qc2 Qc5 31. Qe4 c3 32. Qa4 Qc7 33. Qa3
1/2-1/2

[Event "II. CLANSKA LIGA ZAHOD 2019"]
[Site "Komenda"]
[Date "2019.11.17"]
[Round "4.5"]
[White "Smolej, Ziga"]
[Black "Sirk, Matija"]
[Result "1-0"]
[WhiteElo "1632"]
[BlackElo "1322"]
[PlyCount "147"]
[EventDate "2019.11.17"]
[WhiteTeam "SK RIMEX ILIRSKA BISTRICA"]
[BlackTeam "SD VRHNIKA"]

1. d4 Nf6 2. Bf4 d5 3. e3 c5 4. c3 Nc6 5. Nd2 Bf5 6. Ngf3 h6 7. h3 e6 8. Ne5 c4
9. Be2 Be7 10. O-O O-O 11. Re1 Nd7 12. Nxd7 Qxd7 13. Bf3 b5 14. e4 dxe4 15.
Nxe4 Rac8 16. Ng3 Bg6 17. Bg4 Bd6 18. Bxd6 Qxd6 19. d5 Ne5 20. dxe6 Qxd1 21.
Raxd1 Nxg4 22. hxg4 fxe6 23. Rxe6 Bd3 24. Rde1 Rf7 25. Re8+ Rxe8 26. Rxe8+ Kh7
27. Rb8 a6 28. Rb6 Ra7 29. Nh5 Bg6 30. Nf4 Bf7 31. Kf1 g5 32. Ne6 Bxe6 33. Rxe6
a5 34. Rc6 Rb7 35. a3 Kg7 36. Ke2 Re7+ 37. Kf1 Re5 38. Ra6 a4 39. Rb6 Kh7 40.
f3 Kg7 41. Kf2 Kh7 42. g3 Rd5 43. Ke3 Rd3+ 44. Ke4 Rd2 45. Rxb5 Re2+ 46. Kd4
Rg2 47. Kxc4 Rxg3 48. Rf5 Kg6 49. b4 axb3 50. Kxb3 h5 51. Rd5 h4 52. Rd6+ Kg7
53. Rd7+ Kg6 54. Rd2 Rxf3 55. a4 Rf4 56. Rg2 Kf6 57. a5 Ke5 58. a6 Rf7 59. Re2+
Kd5 60. c4+ Kd6 61. Kb4 Kc7 62. Kb5 Kb8 63. c5 Ka7 64. Rd2 h3 65. c6 Kb8 66.
Rd8+ Ka7 67. Rd7+ Rxd7 68. cxd7 h2 69. d8=Q h1=Q 70. Qb6+ Ka8 71. Qc6+ Qxc6+
72. Kxc6 Ka7 73. Kd6 Kxa6 74. Ke5 1-0

[Event "II. CLANSKA LIGA ZAHOD 2019"]
[Site "Komenda"]
[Date "2019.11.17"]
[Round "4.6"]
[White "Sever, Gasper"]
[Black "Bradac, Simon"]
[Result "0-1"]
[WhiteElo "1559"]
[BlackElo "1471"]
[PlyCount "118"]
[EventDate "2019.11.17"]
[WhiteTeam "SD VRHNIKA"]
[BlackTeam "SK RIMEX ILIRSKA BISTRICA"]

1. e4 c6 2. Nf3 d5 3. exd5 cxd5 4. d4 Nc6 5. Nc3 Bg4 6. Be3 Nf6 7. h3 Bf5 8.
Bd3 Bxd3 9. Qxd3 e6 10. O-O Bd6 11. Nb5 Bb8 12. Rfe1 O-O 13. a3 Ne4 14. Nc3 f5
15. Qb5 Qc7 16. Ne2 a6 17. Qb3 Na5 18. Qd3 Rc8 19. Rac1 Nc4 20. Qb3 Nxe3 21.
fxe3 Qf7 22. Ne5 Bxe5 23. dxe5 Nd2 24. Qb4 Nc4 25. Qc3 Qc7 26. Nf4 Re8 27. b3
Qxe5 28. Qd4 Qxd4 29. exd4 Nxa3 30. Rxe6 Rxe6 31. Nxe6 Nb5 32. c3 Rc8 33. c4
Rc6 34. Nf4 Nxd4 35. Rc3 dxc4 36. Rxc4 Rxc4 37. bxc4 Kf7 38. Kf2 Ne6 39. Nd5
Nc5 40. Kf3 Ke6 41. Nb6 a5 42. Nd5 Ke5 43. Ke3 a4 44. Nc3 f4+ 45. Kd2 Ne4+ 46.
Nxe4 Kxe4 47. Kc2 Kd4 48. Kb2 Kxc4 49. Kc2 b5 50. Kc1 Kb3 51. Kb1 a3 52. Ka1
Kc2 53. Ka2 b4 54. h4 b3+ 55. Kxa3 b2 56. h5 b1=Q 57. Ka4 Qb6 58. h6 Kc3 59.
hxg7 Qa6# 0-1

[Event "II. CLANSKA LIGA ZAHOD 2019"]
[Site "Komenda"]
[Date "2019.11.17"]
[Round "4.1"]
[White "Rodman, Franc"]
[Black "Luzar, Emil"]
[Result "1/2-1/2"]
[WhiteElo "2052"]
[BlackElo "2115"]
[PlyCount "62"]
[EventDate "2019.11.17"]
[WhiteTeam "SD SIJ ACRONI JESENICE"]
[BlackTeam "SK DOLENJSKE TOPLICE"]

1. d4 Nf6 2. Nf3 g6 3. c4 Bg7 4. Nc3 O-O 5. g3 d6 6. Bg2 c6 7. O-O Bf5 8. Re1
Ne4 9. Qb3 Nxc3 10. bxc3 Qb6 11. e4 Qxb3 12. axb3 Bg4 13. Ng5 e5 14. h3 h6 15.
hxg4 hxg5 16. Bxg5 Re8 17. Be3 Nd7 18. Rad1 Nf8 19. g5 a5 20. f4 a4 21. b4 a3
22. f5 gxf5 23. exf5 exd4 24. Bxd4 Bxd4+ 25. cxd4 Rxe1+ 26. Rxe1 Ra4 27. d5 a2
28. Ra1 Nh7 29. dxc6 bxc6 30. g6 fxg6 31. fxg6 Nf6 1/2-1/2

[Event "II. CLANSKA LIGA ZAHOD 2019"]
[Site "Komenda"]
[Date "2019.11.17"]
[Round "4.2"]
[White "Stubljar, Andrej"]
[Black "Jeraj, Zlatko"]
[Result "1-0"]
[WhiteElo "2004"]
[BlackElo "2032"]
[PlyCount "97"]
[EventDate "2019.11.17"]
[WhiteTeam "SK DOLENJSKE TOPLICE"]
[BlackTeam "SD SIJ ACRONI JESENICE"]

1. Nf3 d5 2. b3 Nf6 3. Bb2 c5 4. e3 Nc6 5. d4 cxd4 6. Nxd4 g6 7. Bb5 Bd7 8. O-O
Bg7 9. Nd2 O-O 10. N4f3 Rc8 11. a3 Re8 12. Ra2 Qa5 13. Bxc6 Bxc6 14. Ne5 Bb5
15. c4 dxc4 16. Ndxc4 Qc7 17. Qa1 Red8 18. Rc1 Qb8 19. h3 Be8 20. a4 Rd5 21.
Bd4 Rcd8 22. Rac2 Ne4 23. Nf3 Bxd4 24. exd4 Qf4 25. Ne3 R5d7 26. Qb2 f6 27. Rc8
Nd6 28. R8c7 Bf7 29. d5 Ne8 30. R7c4 Qb8 31. Re4 Kf8 32. Re1 Qd6 33. Rh4 Kg8
34. Rg4 Bxd5 35. Nf5 Qc7 36. N3h4 e5 37. f4 e4 38. Kh1 Qb6 39. b4 a5 40. b5 Kh8
41. Nh6 Ng7 42. Rd1 Be6 43. Rxd7 Rxd7 44. Qxf6 Rd1+ 45. Kh2 Qg1+ 46. Kg3 Rd3+
47. Nf3 Qc5 48. Rg5 Qd6 49. Re5 {nejasno (51)} 1-0

[Event "II. CLANSKA LIGA ZAHOD 2019"]
[Site "Komenda"]
[Date "2019.11.17"]
[Round "4.3"]
[White "Pazlar, Marko"]
[Black "Pucelj, Joze"]
[Result "1-0"]
[WhiteElo "2028"]
[BlackElo "2079"]
[PlyCount "81"]
[EventDate "2019.11.17"]
[WhiteTeam "SD SIJ ACRONI JESENICE"]
[BlackTeam "SK DOLENJSKE TOPLICE"]

1. Nf3 g6 2. g3 Bg7 3. Bg2 c5 4. c4 Nc6 5. O-O b6 6. Nc3 Bb7 7. e3 e6 8. d4 d6
9. Qa4 Kf8 10. Rd1 Qe7 11. d5 Ne5 12. Nxe5 Bxe5 13. dxe6 fxe6 14. Ne4 Bxe4 15.
Bxe4 Rd8 16. f4 Bg7 17. Qc2 Nf6 18. a4 a5 19. Ra3 Qc7 20. Bf3 Ke7 21. Rad3 Ne8
22. b3 Kf7 23. Bb2 Bxb2 24. Qxb2 Ng7 25. Qd2 Ke7 26. Bg4 Nf5 27. Bxf5 exf5 28.
e4 fxe4 29. Re1 Rhe8 30. Rxe4+ Kf7 31. Rde3 Qc6 32. Qe2 Rxe4 33. Rxe4 Re8 34.
Rxe8 Qxe8 35. Qxe8+ Kxe8 36. Kf2 d5 37. cxd5 b5 38. Ke3 bxa4 39. bxa4 Kd7 40.
Kd3 Kd6 41. Kc4 1-0

[Event "II. CLANSKA LIGA ZAHOD 2019"]
[Site "Komenda"]
[Date "2019.11.17"]
[Round "4.4"]
[White "Janko, Roman"]
[Black "Pavlin, Ivan"]
[Result "1-0"]
[WhiteElo "1859"]
[BlackElo "1858"]
[PlyCount "151"]
[EventDate "2019.11.17"]
[WhiteTeam "SK DOLENJSKE TOPLICE"]
[BlackTeam "SD SIJ ACRONI JESENICE"]

1. e4 c5 2. Nc3 d6 3. f4 Nc6 4. Bb5 Bd7 5. a4 e6 6. Nf3 Nf6 7. d3 Be7 8. O-O
O-O 9. Ne2 a6 10. Bxc6 Bxc6 11. Ng3 b5 12. a5 h6 13. Qe2 Re8 14. b3 d5 15. e5
Nh7 16. Kh1 d4 17. Ne4 Bd5 18. Bb2 b4 19. h3 f5 20. exf6 Nxf6 21. Nxf6+ Bxf6
22. Nd2 e5 23. f5 Qc7 24. Ne4 Rf8 25. Bc1 Bxe4 26. Qxe4 Rac8 27. Qg4 Kh8 28.
Qg6 Qf7 29. Qg4 Kh7 30. Bd2 Rh8 31. Qe4 Kg8 32. g4 Kf8 33. Kg2 Ke8 34. Rae1 Kd8
35. Kg3 Qe7 36. Qd5+ Qd7 37. Qxd7+ Kxd7 38. h4 Be7 39. g5 Bd6 40. Kg4 h5+ 41.
Kf3 Rhf8 42. Ke4 Kc6 43. Ra1 Rc7 44. Rf3 Rd7 45. Be1 Bc7 46. Bd2 Rdf7 47. g6
Re7 48. Bg5 Ree8 49. f6 gxf6 50. Rxf6+ Rxf6 51. Bxf6 Rg8 52. g7 Kd7 53. Kf5 Bd8
54. Bxd8 Rxg7 55. Bg5 Kd6 56. Re1 Rg8 57. Rxe5 Rf8+ 58. Bf6 Rg8 59. Re6+ Kd7
60. Bg5 Rf8+ 61. Rf6 Re8 62. Rf7+ Kc6 63. Kg6 Re2 64. Kxh5 Rxc2 65. Kg6 Rc3 66.
h5 Rxd3 67. h6 Rxb3 68. h7 Ra3 69. h8=Q Rxa5 70. Qe8+ Kd5 71. Rd7+ Kc4 72. Qe2+
Kc3 73. Bd2+ Kb3 74. Qd3+ Kb2 75. Bxb4 cxb4 76. Rxd4 1-0

[Event "II. CLANSKA LIGA ZAHOD 2019"]
[Site "Komenda"]
[Date "2019.11.17"]
[Round "4.5"]
[White "Ravnik, Franc"]
[Black "Turkovic, Igor"]
[Result "0-1"]
[WhiteElo "1871"]
[BlackElo "1789"]
[PlyCount "109"]
[EventDate "2019.11.17"]
[WhiteTeam "SD SIJ ACRONI JESENICE"]
[BlackTeam "SK DOLENJSKE TOPLICE"]

1. e4 c5 2. Nf3 Nc6 3. c3 g6 4. Bc4 Bg7 5. O-O d6 6. d4 cxd4 7. cxd4 Nf6 8. Nc3
O-O 9. d5 Na5 10. Bd3 b6 11. Bg5 Bd7 12. e5 dxe5 13. Nxe5 Nb7 14. Nc6 Bxc6 15.
dxc6 Nc5 16. Be2 Rc8 17. Bf3 Qd3 18. Qe1 Qf5 19. Bh4 Rfe8 20. Rd1 Nd3 21. Qd2
Ne5 22. Bd5 Nxc6 23. Bxf6 Qxf6 24. Qd3 Nb4 25. Qb5 Nxd5 26. Rxd5 Qc6 27. Nd1
Qxb5 28. Rxb5 Rc2 29. a4 Rec8 30. b4 Bd4 31. a5 e6 32. axb6 axb6 33. g3 h6 34.
Kg2 Ra8 35. h4 Ra4 36. Re1 Rc4 37. Ne3 Bxe3 38. Rxe3 Raxb4 39. Rb3 Rxb3 40.
Rxb3 Rc6 41. Kf3 h5 42. Ke4 Kg7 43. f3 Kf6 44. Rb4 Ke7 45. Rd4 b5 46. Rb4 Rb6
47. Kd4 Kd6 48. f4 f6 49. Rb2 b4 50. Kc4 e5 51. Rd2+ Ke6 52. Kb3 Kf5 53. fxe5
fxe5 54. Rf2+ Kg4 55. Re2 0-1

[Event "II. CLANSKA LIGA ZAHOD 2019"]
[Site "Komenda"]
[Date "2019.11.17"]
[Round "4.6"]
[White "Gorse, Damjan"]
[Black "Kokalj, Janez"]
[Result "1/2-1/2"]
[WhiteElo "1767"]
[BlackElo "1864"]
[PlyCount "84"]
[EventDate "2019.11.17"]
[WhiteTeam "SK DOLENJSKE TOPLICE"]
[BlackTeam "SD SIJ ACRONI JESENICE"]

1. e4 Nc6 2. Bc4 Nf6 3. Nc3 Ne5 4. Bb3 Ng6 5. d4 e5 6. dxe5 Nxe5 7. Bg5 h6 8.
Bh4 Ng6 9. Bg3 Bb4 10. Qd4 Bxc3+ 11. Qxc3 Nxe4 12. Qxg7 d5 13. O-O-O c6 14. Re1
Be6 15. Nf3 Qe7 16. Nh4 O-O-O 17. Nxg6 Qg5+ 18. Kb1 Rhg8 19. Qe5 Nxg3 20. Qxg5
hxg5 21. Ne7+ Kd7 22. Nxg8 Nxh1 23. Nf6+ Ke7 24. Nxd5+ cxd5 25. Rxh1 Kf6 26. c3
d4 27. Bxe6 fxe6 28. cxd4 Rxd4 29. Kc2 e5 30. Rd1 Rf4 31. f3 g4 32. fxg4 Rxg4
33. Rf1+ Ke6 34. g3 Rd4 35. Kc3 a5 36. a3 b5 37. Rf3 b4+ 38. axb4 axb4+ 39. Kc2
e4 40. Re3 Kd5 41. b3 Ke5 42. h4 Kf5 1/2-1/2

[Event "II. CLANSKA LIGA ZAHOD 2019"]
[Site "Komenda"]
[Date "2019.11.17"]
[Round "5.1"]
[White "Luzar, Emil"]
[Black "Anakiev, Dimitar"]
[Result "1-0"]
[WhiteElo "2115"]
[BlackElo "2002"]
[PlyCount "69"]
[EventDate "2019.11.17"]
[WhiteTeam "SK DOLENJSKE TOPLICE"]
[BlackTeam "SD RADOVLJICA"]

1. e4 c5 2. Nc3 e6 3. f4 d5 4. Nf3 Nc6 5. Bb5 Nf6 6. e5 Nd7 7. Bxc6 bxc6 8. d3
c4 9. d4 c5 10. Ne2 c3 11. bxc3 Nb6 12. O-O Nc4 13. Kh1 Be7 14. Qe1 g6 15. dxc5
Bxc5 16. Ned4 Bd7 17. f5 gxf5 18. Bg5 Be7 19. Bxe7 Qxe7 20. Rb1 Nb6 21. Qe2 O-O
22. Ng1 Rab8 23. Nh3 f6 24. Nf4 fxe5 25. Qxe5 Nc4 26. Qxb8 Rxb8 27. Rxb8+ Kf7
28. Rb7 Nd2 29. Re1 Qh4 30. g3 Qg4 31. Rxd7+ Ke8 32. Nxd5 Ne4 33. Re7+ Kf8 34.
Nxe6+ Kg8 35. Rg7+ 1-0

[Event "II. CLANSKA LIGA ZAHOD 2019"]
[Site "Komenda"]
[Date "2019.11.17"]
[Round "5.2"]
[White "Buha, Drago"]
[Black "Stubljar, Andrej"]
[Result "0-1"]
[WhiteElo "1949"]
[BlackElo "2004"]
[PlyCount "76"]
[EventDate "2019.11.17"]
[WhiteTeam "SD RADOVLJICA"]
[BlackTeam "SK DOLENJSKE TOPLICE"]

1. d4 Nf6 2. Bf4 b6 3. Nf3 Bb7 4. e3 e6 5. Be2 Be7 6. O-O O-O 7. h3 d5 8. Nc3
Nbd7 9. Ne5 Rc8 10. Nb5 c6 11. Nxa7 Rc7 12. Nexc6 Bxc6 13. Bxc7 Qxc7 14. Nxc6
Qxc6 15. c3 Ne4 16. Bd3 Nd6 17. a4 e5 18. dxe5 Nxe5 19. Bxh7+ Kxh7 20. Qh5+ Kg8
21. Qxe5 Bf6 22. Qh5 Ra8 23. Qd1 Ne4 24. Qc2 Be5 25. Rfc1 f5 26. Rd1 Bc7 27.
Qb3 Rd8 28. f3 Ng3 29. Kf2 f4 30. exf4 Bxf4 31. Qb5 Qg6 32. Qb3 Kh8 33. c4 d4
34. Rd3 Re8 35. Re1 Nh1+ 36. Kf1 Rxe1+ 37. Kxe1 Qxg2 38. Qxb6 Qg1+ 0-1